00687nam a2200193 a 4500020001500000040000800015082002600023245006500049260007800114300004400192500015400236650000900390650000900399650003000408650000900438700001200447700001800459700001600477 a9712201384 cAGL a633 INT 1999 A056 Or.00aGenetic improvement of rice for water-limited environments / aLos Ba©łos, Philippines :bInternational Rice Research Institute,c1999 avi, 353 p. :bill. (some col.) ;c23 cm a"Proceedings of the Workshop on Genetic Improvement of Rice for Water-Limited Environments, 1-3 December 1998, Los Ba©łos, Philippines"--T.p. verso 0aRice 0aRice 0aPlant-water relationships 0aRice1 aIto, O.1 aO'Toole, J. C1 aHardy, Bill